Europa-Städte-Kartenquiz - Statistiken

Allgemein
  • Dieses Quiz wurde 206 mal gespielt
  • Das Durchschnittsergebnis liegt bei 33 aus 36
Antworten auf der Karte
Die Antworten werden auf der Karte rot bzw. grün angezeigt, abhängig davon wie oft sie richtig erraten wurden.
 
Antwortstatistiken
Antwort % Korrekt
Amsterdam
97%
Dublin
97%
Düsseldorf
97%
Reykjavík
97%
Brüssel
96%
Lissabon
96%
London
96%
München
96%
Paris
96%
Barcelona
94%
Berlin
94%
Madrid
94%
Mailand
94%
Marseille
94%
Rom
94%
Manchester
93%
Edinburg
92%
Neapel
92%
Oslo
92%
Genf
91%
Kopenhagen
91%
Moskau
91%
Prag
91%
Athen
90%
Helsinki
89%
Kiew
89%
Sevilla
89%
Warschau
89%
St Petersburg
88%
Wien
88%
Budapest
87%
Palermo
87%
Sarajewo
86%
Stockholm
85%
Bukarest
81%
Belgrad
75%
Keine übereinstimmenden Quizze gefunden
Verteilung der Resultate
Anzahl Personen mit jedem Resultat
Perzentil nach korrekt beantworteten Fragen
Ihre Resultats-Entwicklung
Sie haben dieses Quiz noch nicht gespielt